[Event "Titled Tue 10th Jun Early"]
[Site "chess.com INT"]
[Date "2025.06.10"]
[Round "1"]
[White "Nikulina, Alena"]
[Black "Kapra, Jerjis"]
[Result "0-1"]
[WhiteTitle "WFM"]
[WhiteElo "1875"]
[BlackElo "2055"]
[WhiteFideId "4172051"]
[BlackFideId "2640341"]
[EventDate "2025.06.10"]

1. e4 d5 2. exd5 Qxd5 3. Nc3 Qd6 4. d4 Nf6 5. Nf3 a6 6. Bd3 Nc6 7. O-O Bg4 8.
Bg5 Nxd4 9. Bxf6 Qxf6 10. Be4 Bxf3 11. Bxf3 Nxf3+ 12. Qxf3 Qxf3 13. gxf3 e6 14.
Rfe1 Bb4 15. Rad1 Bxc3 16. bxc3 Ke7 17. Rd3 Rhd8 18. Red1 Rd6 19. Kf1 Rad8 20.
Ke2 c5 21. c4 Rxd3 22. cxd3 Rd4 23. Ke3 Rh4 24. Rh1 g5 25. h3 h6 26. Rb1 Rxh3
27. Rxb7+ Kf6 28. Rb6 Rh1 29. Rxa6 h5 30. a4 h4 31. Ra8 Kg7 32. a5 h3 33. a6 Ra1
34. a7 h2 35. Rc8 Rxa7 36. Rxc5 h1=Q 0-1

[Event "Titled Tue 10th Jun Early"]
[Site "chess.com INT"]
[Date "2025.06.10"]
[Round "1"]
[White "Mitev, Valentin"]
[Black "Sjugirov, Sanan"]
[Result "0-1"]
[WhiteTitle "FM"]
[BlackTitle "GM"]
[WhiteElo "2323"]
[BlackElo "2635"]
[WhiteFideId "2921707"]
[BlackFideId "4189302"]
[EventDate "2025.06.10"]

1. d4 Nf6 2. Nf3 b6 3. e3 Bb7 4. Bd3 c5 5. O-O g6 6. c4 cxd4 7. exd4 Bg7 8. Nc3
O-O 9. d5 e6 10. Bf4 Na6 11. b4 Nxb4 12. Bd6 Nxd3 13. Bxf8 Nxf2 14. Rxf2 Qxf8
15. Rc1 Rc8 16. Qf1 exd5 17. cxd5 Ng4 18. Nb5 Rxc1 19. Qxc1 Nxf2 20. Kxf2 Bxd5
21. Nxa7 Bxa2 22. Nc8 Qc5+ 23. Qxc5 bxc5 0-1

[Event "Titled Tue 10th Jun Early"]
[Site "chess.com INT"]
[Date "2025.06.10"]
[Round "1"]
[White "Cordoba Roa, Angel Gabriel"]
[Black "Dominguez, Ramiro"]
[Result "1-0"]
[WhiteTitle "FM"]
[BlackTitle "FM"]
[WhiteElo "2396"]
[BlackElo "2210"]
[WhiteFideId "3957624"]
[BlackFideId "4420055"]
[EventDate "2025.06.10"]

1. e4 e5 2. Nf3 Nc6 3. Bc4 Nf6 4. d3 Bc5 5. O-O d6 6. c3 h6 7. a4 a5 8. Re1 O-O
9. Nbd2 Be6 10. b3 Re8 11. h3 d5 12. exd5 Bxd5 13. Qc2 Qd7 14. Bb2 Rad8 15. Rad1
Qf5 16. Ne4 Nxe4 17. dxe4 Bxe4 18. Rxd8 Bxc2 19. Rxe8+ Kh7 20. R8xe5 Nxe5 21.
Rxe5 Qg6 22. Rxc5 Bxb3 23. Bxb3 Qb1+ 24. Kh2 Qxb2 25. Bxf7 Qb6 26. Rf5 Qd6+ 27.
g3 c6 28. Ne5 g5 29. Bg6+ Kg7 30. Rf7+ Kg8 31. Bh7+ 1-0

[Event "Titled Tue 10th Jun Early"]
[Site "chess.com INT"]
[Date "2025.06.10"]
[Round "1"]
[White "Looi, Xin Hao"]
[Black "Hou, Yifan"]
[Result "0-1"]
[WhiteTitle "CM"]
[BlackTitle "GM"]
[WhiteElo "2009"]
[BlackElo "2633"]
[WhiteFideId "5702828"]
[BlackFideId "8602980"]
[EventDate "2025.06.10"]

1. d4 Nf6 2. Nf3 b6 3. e3 Bb7 4. Bd3 c5 5. b3 g6 6. Bb2 Bg7 7. O-O O-O 8. Nbd2
d6 9. Qe2 Re8 10. dxc5 bxc5 11. e4 Nc6 12. a3 Nxe4 13. Bxg7 Nxd2 14. Bc3 Nxf1
15. Rxf1 e5 16. Bc4 Nd4 17. Bxd4 exd4 18. Qd1 Qf6 19. h4 Bxf3 0-1

[Event "Titled Tue 10th Jun Early"]
[Site "chess.com INT"]
[Date "2025.06.10"]
[Round "1"]
[White "Schut, Han"]
[Black "Schmider, Niklas"]
[Result "0-1"]
[WhiteTitle "CM"]
[BlackTitle "IM"]
[WhiteElo "2088"]
[BlackElo "2421"]
[WhiteFideId "1005561"]
[BlackFideId "12993778"]
[EventDate "2025.06.10"]

1. e4 e5 2. Nf3 Nc6 3. Bc4 Bc5 4. c3 Nf6 5. d4 exd4 6. b4 Bb6 7. e5 d5 8. exf6
dxc4 9. Qe2+ Be6 10. b5 Na5 11. fxg7 Rg8 12. Nxd4 Bxd4 13. cxd4 Qf6 14. O-O Qxg7
15. g3 O-O-O 16. Bb2 c3 17. Bxc3 Bc4 18. Qe1 Bxf1 19. Qxf1 b6 20. Bxa5 bxa5 21.
Nc3 Qxd4 22. Rc1 Kb8 23. b6 axb6 24. Nb5 Qd3 25. Qxd3 Rxd3 26. Nxc7 Rc8 0-1

[Event "Titled Tue 10th Jun Early"]
[Site "chess.com INT"]
[Date "2025.06.10"]
[Round "1"]
[White "Liu, Zhaoqi"]
[Black "Leon Acevedo, Juan Alejandro"]
[Result "1-0"]
[WhiteTitle "IM"]
[BlackTitle "CM"]
[WhiteElo "2400"]
[BlackElo "2008"]
[WhiteFideId "8609381"]
[BlackFideId "4459261"]
[EventDate "2025.06.10"]

1. c4 c5 2. Nc3 Nf6 3. g3 d5 4. cxd5 Nxd5 5. Bg2 Nc7 6. Nf3 Nc6 7. O-O e5 8. d3
Be7 9. Nd2 O-O 10. Nc4 f6 11. f4 exf4 12. Bxf4 Be6 13. Qb3 Na5 14. Qa4 Nxc4 15.
dxc4 Qd4+ 16. e3 Qxc4 17. Bxc7 Rac8 18. Bf4 g5 19. Qxc4 Bxc4 20. Bd5+ Bxd5 21.
Nxd5 Kf7 22. Bxg5 Ke6 23. Nxe7 Kxe7 24. Bh6 1-0

[Event "Titled Tue 10th Jun Early"]
[Site "chess.com INT"]
[Date "2025.06.10"]
[Round "1"]
[White "Vagman, Roy"]
[Black "Bernado Lopez, Roger"]
[Result "1-0"]
[WhiteTitle "FM"]
[BlackTitle "FM"]
[WhiteElo "2403"]
[BlackElo "2180"]
[WhiteFideId "2828995"]
[BlackFideId "24585009"]
[EventDate "2025.06.10"]

1. c4 e6 2. Nc3 d5 3. Nf3 Nf6 4. d4 dxc4 5. e3 a6 6. Bxc4 b5 7. Bd3 Bb7 8. a3 c5
9. dxc5 Bxc5 10. Qe2 O-O 11. e4 h6 12. e5 Nd5 13. Qe4 g6 14. Qe2 Nxc3 15. bxc3
Kg7 16. h4 Nd7 17. h5 g5 18. Be4 Bxe4 19. Qxe4 Nb6 20. Be3 Bxe3 21. fxe3 Nc4 22.
O-O Qd5 23. Qd4 Rad8 24. Rae1 Qc6 25. Qg4 Qc5 26. Nxg5 hxg5 27. Qxg5+ Kh7 28.
Rf6 1-0

[Event "Titled Tue 10th Jun Early"]
[Site "chess.com INT"]
[Date "2025.06.10"]
[Round "1"]
[White "Henriquez Villagra, Cristobal"]
[Black "Rueda Rojas, Richard Alejandro"]
[Result "1-0"]
[WhiteTitle "GM"]
[BlackTitle "FM"]
[WhiteElo "2597"]
[BlackElo "2090"]
[WhiteFideId "3409350"]
[BlackFideId "4491505"]
[EventDate "2025.06.10"]

1. e4 c5 2. d3 Nc6 3. f4 g6 4. Nf3 Bg7 5. Be2 d6 6. O-O Nf6 7. c3 O-O 8. h3 b5
9. Be3 b4 10. Nbd2 Rb8 11. Qc2 a5 12. d4 cxd4 13. cxd4 Bd7 14. d5 b3 15. axb3
Nb4 16. Qb1 Nh5 17. Nc4 Ng3 18. Re1 Nxe4 19. Nd4 Ng3 20. Bf3 Bxd4 21. Bxd4 Bf5
22. Qd1 Nc2 23. Nxa5 Nxa1 24. Nc6 Qd7 25. Nxe7+ 1-0

[Event "Titled Tue 10th Jun Early"]
[Site "chess.com INT"]
[Date "2025.06.10"]
[Round "1"]
[White "Schnaider, Ilan"]
[Black "Barrientos, Ernesto"]
[Result "1-0"]
[WhiteTitle "IM"]
[BlackTitle "CM"]
[WhiteElo "2388"]
[BlackElo "2027"]
[WhiteFideId "169013"]
[BlackFideId "3701247"]
[EventDate "2025.06.10"]

1. e4 c5 2. Nf3 d6 3. b3 Nf6 4. Nc3 Nc6 5. Bb2 Bg4 6. Be2 e5 7. h3 Be6 8. O-O h6
9. Re1 Be7 10. Bc4 O-O 11. d3 Nd4 12. Nxd4 cxd4 13. Ne2 Qd7 14. Ng3 b5 15. Bxe6
fxe6 16. c3 dxc3 17. Bxc3 Rac8 18. Qd2 Qe8 19. d4 exd4 20. Bxd4 a6 21. e5 Nd5
22. Qe2 dxe5 23. Bxe5 Bc5 24. Ne4 Bb4 25. Rec1 Qg6 26. a3 1-0

[Event "Titled Tue 10th Jun Early"]
[Site "chess.com INT"]
[Date "2025.06.10"]
[Round "1"]
[White "Recuero Guerra, Javier"]
[Black "Loay, Sameer"]
[Result "0-1"]
[WhiteTitle "FM"]
[BlackTitle "IM"]
[WhiteElo "2126"]
[BlackElo "2251"]
[WhiteFideId "2254085"]
[BlackFideId "8104239"]
[EventDate "2025.06.10"]

1. e4 g6 2. d4 Bg7 3. Nc3 d6 4. f4 Nc6 5. Nf3 Bg4 6. Be3 Bxf3 7. gxf3 d5 8. exd5
Nb4 9. Bb5+ Kf8 10. Qd2 Nf6 11. Be2 Nbxd5 12. Nxd5 Nxd5 13. c3 Qd6 14. O-O-O Bh6
15. c4 Nxe3 16. c5 Qxf4 17. Kb1 Nxd1 18. Qxd1 Rd8 19. Qb3 Qxd4 20. a3 Kg7 21.
Qxb7 Qxc5 22. Qe4 Rd2 23. Rc1 Rxb2+ 24. Kxb2 Qxc1+ 25. Kb3 Rb8+ 26. Ka4 Qc5 0-1

[Event "Titled Tue 10th Jun Early"]
[Site "chess.com INT"]
[Date "2025.06.10"]
[Round "1"]
[White "Jiganchine, Roman"]
[Black "Kalyani Sirin"]
[Result "1-0"]
[WhiteTitle "CM"]
[BlackTitle "WFM"]
[WhiteElo "2205"]
[BlackElo "2138"]
[WhiteFideId "2603667"]
[BlackFideId "33323500"]
[EventDate "2025.06.10"]

1. Nf3 Nf6 2. c4 e6 3. b3 d5 4. e3 c5 5. Bb2 Nc6 6. cxd5 exd5 7. Bb5 Be7 8. O-O
O-O 9. h3 Bd7 10. d4 cxd4 11. Bxc6 bxc6 12. exd4 Bd6 13. Re1 Ne4 14. Nc3 Bf5 15.
Rc1 Qd7 16. Nxe4 Bxe4 17. Ne5 Bxe5 18. dxe5 Rfe8 19. Rxe4 Qe6 20. Re1 a5 21. Qg4
Qe7 22. Rxc6 a4 23. Rec1 axb3 24. axb3 Ra2 25. Bd4 g6 26. Rc7 Qb4 27. Qf4 Rf8
28. e6 1-0

[Event "Titled Tue 10th Jun Early"]
[Site "chess.com INT"]
[Date "2025.06.10"]
[Round "1"]
[White "Otdelnov, Kirill"]
[Black "Yushko, Olga"]
[Result "1-0"]
[WhiteTitle "FM"]
[BlackTitle "WFM"]
[WhiteElo "2273"]
[BlackElo "2033"]
[WhiteFideId "24280216"]
[BlackFideId "14114500"]
[EventDate "2025.06.10"]

1. d4 Nf6 2. Nf3 e6 3. Bf4 d5 4. e3 c5 5. Nbd2 Bd6 6. Bg3 O-O 7. c3 Nc6 8. Bd3
Re8 9. Ne5 Qc7 10. f4 a6 11. O-O b5 12. Bh4 Be7 13. Rf3 Ne4 14. Bxe7 Nxd2 15.
Bxh7+ Kh8 16. Rh3 Nxe5 17. fxe5 Qxe7 18. Bg6+ Kg8 19. Rh8+ 1-0

[Event "Titled Tue 10th Jun Early"]
[Site "chess.com INT"]
[Date "2025.06.10"]
[Round "1"]
[White "Di Nicolantonio, Lucas"]
[Black "Lavorgna, Giovanni"]
[Result "0-1"]
[WhiteTitle "IM"]
[BlackTitle "CM"]
[WhiteElo "2413"]
[BlackElo "1902"]
[WhiteFideId "680460"]
[BlackFideId "11800100"]
[EventDate "2025.06.10"]

1. d4 Nf6 2. Nf3 g6 3. e3 Bg7 4. Be2 O-O 5. O-O c5 6. dxc5 Na6 7. a3 Nxc5 8. b4
Nce4 9. Bb2 d6 10. Nbd2 Nxd2 11. Nxd2 Be6 12. Bf3 Qc7 13. Nb3 Rac8 14. Nd4 Bd5
15. Bxd5 Nxd5 16. Nb5 Qc4 17. Bxg7 Kxg7 18. Nd4 Nf6 19. h3 Rfd8 20. Qd3 e5 21.
Nb5 a6 22. Nxd6 Qc6 0-1

[Event "Titled Tue 10th Jun Early"]
[Site "chess.com INT"]
[Date "2025.06.10"]
[Round "1"]
[White "Gkavardinas, Antonios"]
[Black "Katishonok, Nikolaj"]
[Result "1-0"]
[WhiteTitle "FM"]
[BlackTitle "FM"]
[WhiteElo "2278"]
[BlackElo "2004"]
[WhiteFideId "25883097"]
[BlackFideId "11600225"]
[EventDate "2025.06.10"]

1. b3 e5 2. Bb2 Nc6 3. g3 Nf6 4. Bg2 d6 5. d3 g6 6. Nf3 Bg7 7. O-O O-O 8. Nbd2
a5 9. a4 h6 10. e4 Be6 11. Nc4 Re8 12. Qd2 Kh7 13. Rae1 Nd7 14. Ne3 Nb6 15. h4
d5 16. exd5 Nxd5 17. Nc4 f6 18. h5 gxh5 19. d4 Ndb4 20. c3 Bxc4 21. bxc4 Na6 22.
Nh4 exd4 23. Qd3+ Kh8 24. Ng6+ Kh7 25. Ne5+ Kg8 26. Bd5+ 1-0

[Event "Titled Tue 10th Jun Early"]
[Site "chess.com INT"]
[Date "2025.06.10"]
[Round "1"]
[White "Karpenko, Anton"]
[Black "Fomevor, Cephas Clinton"]
[Result "1-0"]
[WhiteTitle "CM"]
[BlackTitle "CM"]
[WhiteElo "2219"]
[BlackElo "1883"]
[WhiteFideId "34374353"]
[BlackFideId "12601330"]
[EventDate "2025.06.10"]

1. e4 c5 2. Nf3 Nc6 3. d4 cxd4 4. Nxd4 Nf6 5. Nc3 e5 6. Ndb5 d6 7. Nd5 Nxd5 8.
exd5 Nb8 9. a4 Be7 10. Bd2 a6 11. Na3 a5 12. Bb5+ Bd7 13. O-O O-O 14. Nc4 f5 15.
f4 e4 16. Be3 Qe8 17. Nb6 Bxb5 18. axb5 Ra7 19. c4 Bf6 20. Qd2 Qd8 21. Ra4 g5
22. fxg5 Bxg5 23. Bxg5 Qxb6+ 24. Be3 1-0

[Event "Titled Tue 10th Jun Early"]
[Site "chess.com INT"]
[Date "2025.06.10"]
[Round "1"]
[White "Khumalo, Keith"]
[Black "Perry, Patrick"]
[Result "1-0"]
[WhiteTitle "CM"]
[WhiteElo "2171"]
[BlackElo "2296"]
[WhiteFideId "14319470"]
[BlackFideId "30917727"]
[EventDate "2025.06.10"]

1. d4 Nf6 2. c4 c5 3. d5 e6 4. Nc3 exd5 5. cxd5 d6 6. Nf3 g6 7. h3 Bg7 8. Bf4
O-O 9. e3 a6 10. a4 Re8 11. Nd2 Qc7 12. Nc4 Bf8 13. Qb3 Nbd7 14. Be2 Ne4 15.
Nxe4 Rxe4 16. Bd3 Re8 17. O-O Nf6 18. Nb6 Rb8 19. a5 Ne4 20. Qa4 Rd8 21. Bxe4
Bg7 22. Rab1 Qe7 23. Bd3 Qh4 24. Qc2 Bxh3 25. Bg3 Qh5 26. gxh3 Qxh3 27. Be4 Re8
28. Bg2 Qh5 29. Qd1 Qg5 30. Bf4 Qh4 31. Bxd6 Be5 32. Bxe5 Rxe5 33. Nd7 Rh5 34.
Re1 Qd8 35. Qg4 Rc8 36. Nf6+ Qxf6 37. Qxc8+ Kg7 38. f4 Qh4 39. d6 Qg3 40. Qxb7
Rh2 41. Qf3 Qh4 42. d7 1-0

[Event "Titled Tue 10th Jun Early"]
[Site "chess.com INT"]
[Date "2025.06.10"]
[Round "1"]
[White "Unver, Cumayi"]
[Black "Manzone, Alessandro"]
[Result "0-1"]
[BlackTitle "FM"]
[WhiteElo "2012"]
[BlackElo "2397"]
[WhiteFideId "6304940"]
[BlackFideId "112488"]
[EventDate "2025.06.10"]

1. d4 Nf6 2. Nc3 e6 3. e4 d5 4. exd5 exd5 5. Bg5 Be7 6. Bd3 Bg4 7. Nge2 c6 8.
Qd2 h6 9. Bh4 Ne4 10. Bxe7 Qxe7 11. Nxe4 dxe4 12. Bc4 Nd7 13. Nf4 Nb6 14. Bb3
Rd8 15. h3 Bf5 16. O-O-O O-O 17. g4 Bh7 18. h4 c5 19. c3 cxd4 20. cxd4 Rc8+ 21.
Bc2 e3 22. fxe3 Rxc2+ 23. Qxc2 Qxe3+ 0-1

[Event "Titled Tue 10th Jun Early"]
[Site "chess.com INT"]
[Date "2025.06.10"]
[Round "1"]
[White "Vasquez Schroeder, Rodrigo"]
[Black "Tao, Sihan"]
[Result "1-0"]
[WhiteTitle "GM"]
[BlackTitle "FM"]
[WhiteElo "2446"]
[BlackElo "2202"]
[WhiteFideId "3400042"]
[BlackFideId "30982677"]
[EventDate "2025.06.10"]

1. e4 c5 2. Nf3 g6 3. d4 cxd4 4. Nxd4 Bg7 5. c4 Nc6 6. Be3 Nf6 7. Nc3 d6 8. Be2
O-O 9. O-O Bd7 10. Qd2 Rc8 11. Rfd1 a6 12. b3 Qa5 13. a3 Ng4 14. Bxg4 Bxg4 15.
f3 Be6 16. Nde2 h5 17. a4 Ne5 18. Bd4 Qc7 19. h3 Nd7 20. Bxg7 Kxg7 21. Nd4 Ne5
22. Kh1 h4 23. f4 Nc6 24. f5 Bd7 25. Nd5 Qd8 26. Rf1 f6 27. fxg6 Kxg6 28. Nf5
Rh8 29. Nfxe7+ 1-0

[Event "Titled Tue 10th Jun Early"]
[Site "chess.com INT"]
[Date "2025.06.10"]
[Round "1"]
[White "Bagheri, Maziar"]
[Black "Matinian, Nikita"]
[Result "0-1"]
[WhiteTitle "FM"]
[BlackTitle "GM"]
[WhiteElo "2287"]
[BlackElo "2421"]
[WhiteFideId "12530913"]
[BlackFideId "24129100"]
[EventDate "2025.06.10"]

1. e4 e5 2. Nf3 Nc6 3. Bb5 a6 4. Ba4 Bc5 5. c3 Nge7 6. d4 exd4 7. cxd4 Bb4+ 8.
Nc3 d5 9. e5 O-O 10. h3 f6 11. exf6 Rxf6 12. O-O Bf5 13. Bg5 Rg6 14. Nxd5 Rxg5
15. Nxb4 Rxg2+ 16. Kxg2 Nxb4 17. Bb3+ Kf8 18. Ng5 Ned5 19. Qh5 Nf4+ 0-1

[Event "Titled Tue 10th Jun Early"]
[Site "chess.com INT"]
[Date "2025.06.10"]
[Round "1"]
[White "Aravindh, Chithambaram VR."]
[Black "Zhukovskyi, Oleksandr"]
[Result "1-0"]
[WhiteTitle "GM"]
[BlackTitle "CM"]
[WhiteElo "2749"]
[BlackElo "2145"]
[WhiteFideId "5072786"]
[BlackFideId "14169371"]
[EventDate "2025.06.10"]

1. g3 Nf6 2. Bg2 g6 3. e4 d6 4. d4 Bg7 5. Ne2 Nc6 6. Nbc3 e5 7. O-O exd4 8. Nxd4
Nxd4 9. Qxd4 O-O 10. Qd3 Nd7 11. Be3 Ne5 12. Qe2 Be6 13. Rfd1 Bc4 14. Qd2 Qc8
15. b3 Be6 16. f4 Nc6 17. f5 gxf5 18. Bh6 Qd8 19. Rf1 Qf6 20. Bxg7 Kxg7 21. exf5
Bd7 22. Rad1 Qe5 23. f6+ Kh8 24. Qh6 Rg8 25. Be4 Rg6 26. Bxg6 fxg6 27. Qg7# 1-0

[Event "Titled Tue 10th Jun Early"]
[Site "chess.com INT"]
[Date "2025.06.10"]
[Round "1"]
[White "Antoniou, Rafail"]
[Black "Palmer, Reegan"]
[Result "1-0"]
[WhiteTitle "CM"]
[BlackTitle "CM"]
[WhiteElo "2134"]
[BlackElo "2058"]
[WhiteFideId "5904390"]
[BlackFideId "14322145"]
[EventDate "2025.06.10"]

1. d4 Nf6 2. Nf3 g6 3. Bg5 c5 4. Bxf6 exf6 5. c3 d5 6. g3 Nc6 7. Bg2 Be6 8. O-O
Qb6 9. Qd2 cxd4 10. Nxd4 h5 11. h4 Bh6 12. e3 Nxd4 13. Qxd4 Qxd4 14. cxd4 g5 15.
hxg5 fxg5 16. Nc3 Rd8 17. Rac1 h4 18. gxh4 gxh4 19. Nb5 h3 20. Bf3 a6 21. Nc7+
Ke7 22. Nxe6 fxe6 23. Rc7+ Rd7 24. Rfc1 Kd6 25. Rxd7+ Kxd7 26. Kh2 Bf8 27. Bg4
Bd6+ 28. f4 Bb4 29. Rc2 Rc8 30. Bxe6+ Kxe6 31. Rxc8 Bd2 32. Re8+ Kd6 33. Kxh3 1-0

[Event "Titled Tue 10th Jun Early"]
[Site "chess.com INT"]
[Date "2025.06.10"]
[Round "1"]
[White "Rasch, Holger"]
[Black "Sheremetev, Vladislav"]
[Result "0-1"]
[WhiteTitle "FM"]
[BlackTitle "CM"]
[WhiteElo "2246"]
[BlackElo "2133"]
[WhiteFideId "4615670"]
[BlackFideId "54188300"]
[EventDate "2025.06.10"]

1. c4 e5 2. b3 Nf6 3. Bb2 Nc6 4. e3 d5 5. cxd5 Nxd5 6. a3 Be7 7. Nf3 f6 8. d3
Be6 9. Be2 O-O 10. Nbd2 Qd7 11. O-O a5 12. Rc1 Rfd8 13. Qc2 Nb6 14. Rfd1 Qe8 15.
Nc4 Qf8 16. Ra1 Bf5 17. Nh4 Be6 18. Nf3 Rac8 19. Rdc1 Qf7 20. Qc3 Nd5 21. Qe1 h5
22. Nxa5 Nxa5 23. Qxa5 Nb6 24. b4 Ra8 25. Qb5 Bd7 0-1

[Event "Titled Tue 10th Jun Early"]
[Site "chess.com INT"]
[Date "2025.06.10"]
[Round "1"]
[White "Tifferet, Shakked"]
[Black "Nazin, Roman"]
[Result "1-0"]
[WhiteTitle "FM"]
[BlackTitle "CM"]
[WhiteElo "2322"]
[BlackElo "2250"]
[WhiteFideId "2811529"]
[BlackFideId "4137167"]
[EventDate "2025.06.10"]

1. e4 e6 2. b3 d5 3. Bb2 c5 4. exd5 exd5 5. Nf3 Nf6 6. Bb5+ Bd7 7. Bxd7+ Nbxd7
8. O-O Be7 9. d4 O-O 10. dxc5 Nxc5 11. Nc3 Nce4 12. Ne2 Rc8 13. Nf4 Qa5 14. Nd4
Rfd8 15. Nf5 Bf8 16. Kh1 Ba3 17. Bd4 Bc5 18. f3 Nc3 19. Qd3 Bxd4 20. Qxd4 Qc7
21. Nxg7 Qb6 22. Qxb6 axb6 23. Nf5 Kf8 24. Rfe1 Re8 25. Nd6 Rxe1+ 26. Rxe1 Rc6
27. Nxb7 Nxa2 28. g4 h6 29. h4 Rxc2 30. g5 hxg5 31. hxg5 Nd7 32. Nd6 Rc1 33.
Rxc1 Nxc1 34. Nxd5 Nxb3 35. f4 Nd4 36. Kg2 Nf5 37. Nxf5 1-0

[Event "Titled Tue 10th Jun Early"]
[Site "chess.com INT"]
[Date "2025.06.10"]
[Round "1"]
[White "Villalba, Marcelo"]
[Black "Salinas Herrera, Pablo"]
[Result "0-1"]
[WhiteTitle "IM"]
[BlackTitle "GM"]
[WhiteElo "2233"]
[BlackElo "2447"]
[WhiteFideId "3701859"]
[BlackFideId "3407128"]
[EventDate "2025.06.10"]

1. e4 d6 2. d4 Nf6 3. f3 e6 4. c4 Be7 5. Nc3 O-O 6. Be3 a6 7. Bd3 Nbd7 8. Nge2
c5 9. O-O Qc7 10. Rc1 b6 11. b3 Bb7 12. d5 exd5 13. exd5 Rfe8 14. Ng3 Bf8 15.
Re1 Ne5 16. Bf1 Bc8 17. Qd2 h6 18. a4 Bd7 19. Bf4 Ng6 20. Be3 Nh4 21. Bf2 Qb7
22. Rxe8 Rxe8 23. Re1 Rxe1 24. Qxe1 Ng6 25. Nge4 Nxe4 26. Qxe4 Qc8 27. h3 Bf5
28. Qe3 Be7 29. g4 Bg5 30. Be1 Bxe3+ 0-1

[Event "Titled Tue 10th Jun Early"]
[Site "chess.com INT"]
[Date "2025.06.10"]
[Round "1"]
[White "Brenke, Andreas"]
[Black "Belov, Alexei"]
[Result "0-1"]
[WhiteTitle "FM"]
[BlackTitle "IM"]
[WhiteElo "2349"]
[BlackElo "2421"]
[WhiteFideId "4602900"]
[BlackFideId "4128206"]
[EventDate "2025.06.10"]

1. d4 d5 2. c4 e6 3. Nc3 Be7 4. Nf3 Nf6 5. Bg5 Nbd7 6. e3 O-O 7. Qc2 c5 8. dxc5
Nxc5 9. Rd1 Qa5 10. cxd5 exd5 11. a3 Nce4 12. Bxf6 Bxf6 13. Nd4 Bd7 14. Bd3 Bxd4
15. exd4 Nxc3 16. Qxc3 Rfe8+ 17. Kd2 Qb6 18. g3 Rac8 19. Qb4 Qf6 20. f4 a5 21.
Qxa5 Qxd4 0-1

[Event "Titled Tue 10th Jun Early"]
[Site "chess.com INT"]
[Date "2025.06.10"]
[Round "1"]
[White "Myagmarsuren, Evsuld"]
[Black "Toktomushev, Teimur"]
[Result "0-1"]
[WhiteTitle "FM"]
[BlackTitle "FM"]
[WhiteElo "2292"]
[BlackElo "2390"]
[WhiteFideId "1551639"]
[BlackFideId "14176726"]
[EventDate "2025.06.10"]

1. e4 c5 2. Nf3 e6 3. d4 cxd4 4. Nxd4 a6 5. Nc3 b5 6. g3 Bb7 7. Bg2 Nf6 8. O-O
b4 9. Nd5 exd5 10. exd5 Bc5 11. Re1+ Kf8 12. Nf5 d6 13. Bg5 h6 14. Bf4 g6 15.
Bxh6+ Rxh6 16. Nxh6 Kg7 17. Ng4 Nbd7 18. c4 Nxg4 19. Qxg4 Ne5 20. Qe4 Bc8 21.
Kh1 Bf5 22. Qe2 Bd3 23. Qd2 Bxc4 24. Rac1 Nd3 25. Rf1 Nxc1 26. Rxc1 Bb5 27. a3
a5 28. axb4 axb4 29. h4 Qf6 30. h5 gxh5 31. f4 h4 32. g4 h3 33. Bxh3 Rh8 34. Kg2
Qh4 35. Rh1 Re8 36. Kf3 Be2+ 37. Kg2 Bxg4 38. Bxg4 Qxg4+ 39. Kh2 Rh8# 0-1

[Event "Titled Tue 10th Jun Early"]
[Site "chess.com INT"]
[Date "2025.06.10"]
[Round "1"]
[White "Omariev, Maksim"]
[Black "Yeganegi, Barad"]
[Result "0-1"]
[WhiteTitle "FM"]
[BlackTitle "FM"]
[WhiteElo "2304"]
[BlackElo "2400"]
[WhiteFideId "4193423"]
[BlackFideId "42516340"]
[EventDate "2025.06.10"]

1. g4 d5 2. Bg2 Bxg4 3. c4 e6 4. Qb3 Nf6 5. cxd5 exd5 6. Qxb7 Nbd7 7. d4 Rb8 8.
Qxa7 Bb4+ 9. Nc3 O-O 10. Bd2 Nb6 11. a3 Ra8 12. Qb7 Re8 13. Rc1 Bc8 14. Qc6 Bd7
15. Qb7 Bd6 16. Nf3 Rb8 17. Qa6 Nc4 18. O-O Nxd2 19. Nxd2 Rxb2 20. Nf3 Ne4 21.
e3 Nxc3 22. Rxc3 Bb5 23. Qa5 Bxf1 24. Bxf1 Qf6 25. Qxd5 h6 26. a4 Qg6+ 27. Kh1
Rb1 28. Qc4 Qe4 29. Kg2 Qg4+ 0-1

[Event "Titled Tue 10th Jun Early"]
[Site "chess.com INT"]
[Date "2025.06.10"]
[Round "1"]
[White "Arabidze, Meri"]
[Black "Levitan, Judah Nathan"]
[Result "1-0"]
[WhiteTitle "IM"]
[BlackTitle "CM"]
[WhiteElo "2440"]
[BlackElo "2266"]
[WhiteFideId "13604040"]
[BlackFideId "14332639"]
[EventDate "2025.06.10"]

1. d4 Nf6 2. c4 e6 3. Nc3 Bb4 4. f3 d5 5. a3 Be7 6. e4 dxe4 7. fxe4 e5 8. d5
Nbd7 9. Nf3 O-O 10. Bd3 Bd6 11. O-O Nc5 12. Bc2 a5 13. Bg5 b6 14. Nh4 Be7 15.
Nf5 Bxf5 16. Rxf5 h6 17. Be3 Ng4 18. Bd2 Nf6 19. Be3 Ncd7 20. Qe2 Bc5 21. Bxc5
Nxc5 22. Rxe5 Re8 23. Rxe8+ Qxe8 24. e5 Nfd7 25. Re1 Qe7 26. Nb5 Re8 27. Nxc7
Rc8 28. d6 Qg5 29. Nd5 Ne6 30. Ne7+ 1-0